[Event "Corporation Centre Cup"]
[Site "Izhevsk RUS"]
[Date "2010.07.18"]
[Round "4"]
[White "Krutko,A"]
[Black "Arzamastsev,A"]
[Result "0-1"]
[WhiteElo "2417"]
[BlackElo "2132"]

1.e4 c5 2.Nf3 d6 3.Bb5+ Bd7 4.Bxd7+ Qxd7 5.O-O Nc6 6.Qe2 Nf6 7.Rd1 g6 8.c3 Bg7
9.d4 cxd4 10.cxd4 O-O 11.Nc3 Rac8 12.h3 d5 13.e5 Ne8 14.Nh2 Nc7 15.Be3 f6
16.f4 Na5 17.Rac1 Ne6 18.b3 f5 19.Qf3 Nc7 20.Bd2 Nc6 21.Be1 e6 22.Bh4 Na5
23.Qd3 Rf7 24.Nf3 Bf8 25.Ng5 Rg7 26.Ne2 Nc6 27.Be1 h6 28.Nf3 Ba3 29.Rb1 Nb4
30.Bxb4 Bxb4 31.g4 Kh7 32.Kg2 Nb5 33.Rbc1 a6 34.Nh2 Ba3 35.Rxc8 Qxc8 36.h4 Kh8
37.Kh3 Rc7 38.h5 Nc3 39.Rf1 Nxe2 40.Qxe2 Rc2 41.Qe1 Qc3+ 42.Qxc3 Rxc3+ 43.Rf3 fxg4+
44.Kxg4 gxh5+ 45.Kxh5 Rxf3 46.Nxf3 Kg7 47.Kg4 Kf7 48.f5 exf5+ 49.Kxf5 Ke7
50.e6 Bd6 51.Nh4 Bg3 52.Ng6+ Ke8 53.Nh8 h5 54.Nf7 h4 55.Ng5 Ke7 56.Nh3 Bh2
57.Nf2 Bg1 58.Nh3 Bxd4 59.Nf4 Bc5 60.Ng6+ Kd6 61.Nxh4 d4 62.Nf3 Kd5 63.Ne5 Be7
64.Nd3 Bh4 65.Ne5 Be7 66.Nd3 Bh4 67.Nf4+ Kd6 68.Ke4  0-1

[Event "Open A"]
[Site "Oberwart AUT"]
[Date "2010.07.18"]
[Round "6"]
[White "Gergacz,A"]
[Black "Shengelia,D"]
[Result "1/2-1/2"]
[WhiteElo "2429"]
[BlackElo "2582"]

1.e4 c5 2.Nf3 d6 3.Bb5+ Bd7 4.Bxd7+ Qxd7 5.O-O Nc6 6.d4 cxd4 7.Nxd4 Nf6 8.Re1 g6
9.Nxc6 bxc6 10.b3 Bg7 11.Bb2 O-O 12.c4 Rfd8 13.Nc3 d5 14.exd5 cxd5 15.Nxd5 Nxd5
16.Bxg7 Kxg7 17.cxd5 Qxd5 18.Qxd5 Rxd5 19.Rxe7 Rd2 20.g3 a5 21.Kf1 a4 22.bxa4 Rxa4
23.Re2 Rd7 24.Ke1 Rda7 25.Kd1 g5 26.Ke1 R7a6 27.Kf1  1/2-1/2

[Event "4th Open"]
[Site "Vecindario ESP"]
[Date "2010.07.18"]
[Round "2"]
[White "Padilla Socorro,J"]
[Black "Bressac,S"]
[Result "0-1"]
[WhiteElo "1814"]
[BlackElo "2190"]

1.e4 c5 2.Nf3 d6 3.Bb5+ Bd7 4.Bxd7+ Qxd7 5.d3 Nc6 6.Nc3 g6 7.O-O Bg7 8.Be3 Nf6
9.h3 O-O 10.Qd2 e5 11.Bh6 Nh5 12.Bxg7 Kxg7 13.Nd5 f5 14.exf5 Rxf5 15.Nc3 Rxf3
16.gxf3 Nd4 17.Qe3 Qxh3  0-1

[Event "25th Touraine Open"]
[Site "Avoine FRA"]
[Date "2010.07.20"]
[Round "4"]
[White "Chanoine,G"]
[Black "Fomichenko,E"]
[Result "1-0"]
[WhiteElo "2276"]
[BlackElo "2458"]

1.e4 c5 2.Nf3 d6 3.Bb5+ Bd7 4.Bxd7+ Qxd7 5.O-O Nc6 6.c3 Nf6 7.d4 Nxe4 8.d5 Nb8
9.Re1 Nf6 10.c4 g6 11.Nc3 Bg7 12.Qe2 Na6 13.Rb1 b6 14.a3 Rb8 15.b4 Rb7 16.Bb2 O-O
17.Ne4 Nxe4 18.Bxg7 Kxg7 19.Qxe4 Re8 20.Ng5 Rbb8 21.Rb3 Rf8 22.Rh3 Rh8 23.Qh4 Kg8
24.Qh6 Nc7 25.Rf3 f6 26.Rfe3 Re8 27.Ne4 Kf7 28.Rf3 Ref8 29.Ng5+ Kg8 30.h4 Qe8
31.Ne4 Qf7 32.Ng5 Qe8 33.Rfe3 e5 34.Ne4 Qe7 35.Rg3 f5 36.Nd2 f4 37.Rg4 Rf5
38.Nf3 Qg7 39.Qxg7+ Kxg7 40.bxc5 bxc5 41.Rb1 Rf7 42.h5 Re8 43.hxg6 hxg6 44.Ng5 Rfe7
45.f3 Rc8 46.Rh4 Rh8 47.Rxh8 Kxh8 48.Rb7 Rg7 49.Rxa7 Ne8 50.Ra8 Re7 51.a4 Kg7
52.a5 e4 53.Nxe4 Nf6 54.Nxd6 Nh5 55.Ne4 Ng3 56.a6  1-0

[Event "Corporation Centre Cup"]
[Site "Izhevsk RUS"]
[Date "2010.07.20"]
[Round "6"]
[White "Alavkin,A"]
[Black "Filipenko,A"]
[Result "1-0"]
[WhiteElo "2447"]
[BlackElo "2344"]

1.e4 c5 2.Nf3 d6 3.Bb5+ Nc6 4.d4 cxd4 5.Qxd4 Bd7 6.Bxc6 Bxc6 7.Nc3 Nf6 8.Bg5 e6
9.O-O-O Be7 10.Qd3 Qa5 11.h4 h6 12.Bxf6 Bxf6 13.Nd4 O-O 14.f4 e5 15.Nxc6 bxc6
16.f5 Rab8 17.g4 d5 18.Qg3 d4 19.g5 Be7 20.gxh6 Bf6 21.hxg7 Rfe8 22.h5 Bg5+
23.Qxg5 Rxb2 24.Rd3 dxc3 25.Qh6 Rxc2+ 26.Kxc2 Qxa2+ 27.Kxc3 Qa5+ 28.Kc2 Qa2+
29.Kd1  1-0

[Event "Corporation Centre Cup"]
[Site "Izhevsk RUS"]
[Date "2010.07.20"]
[Round "6"]
[White "Mokshanov,A"]
[Black "Yaksin,O"]
[Result "1/2-1/2"]
[WhiteElo "2255"]
[BlackElo "2406"]

1.e4 c5 2.Nf3 d6 3.Bb5+ Nc6 4.Bxc6+ bxc6 5.O-O Bg4 6.c3 Nf6 7.Re1 e6 8.d3 Nd7
9.Nbd2 Be7 10.Qa4 Qc7 11.e5 Bf5 12.exd6 Bxd6 13.Ne4 Be7 14.Bf4 Nb6 15.Bxc7 Nxa4
16.b3 Bxe4 17.dxe4 Nxc3 18.Be5 Bf6 19.Bxf6 gxf6 20.Re3 Nb5 21.Rc1 O-O-O 22.Rxc5 Kb7
23.g3 e5 24.Rc1 Rhe8 25.Kf1 Rd6 26.a4 Nd4 27.Rd3 Red8 28.Nxd4 Rxd4 29.Rxd4 Rxd4
30.Rc3 Kb6 31.Rf3 Rd6 32.Rf5 Kc5 33.f4 Kb4 34.fxe5 fxe5 35.Rxf7 Kxb3 36.Rxa7 c5
37.a5 c4 38.a6 c3 39.Rb7+ Kc4 40.a7 Ra6 41.Ke2 h5 42.Ke3 Ra1 43.Rc7+ Kb3
44.Kd3 Rd1+ 45.Ke2 Ra1 46.Kd3  1/2-1/2

[Event "XII Open"]
[Site "Sant Marti ESP"]
[Date "2010.07.20"]
[Round "8"]
[White "Aderito,P"]
[Black "Gonzalez Perez,A"]
[Result "1/2-1/2"]
[WhiteElo "2333"]
[BlackElo "2403"]

1.e4 c5 2.Nf3 d6 3.Bb5+ Nc6 4.O-O Bd7 5.Re1 Nf6 6.c3 a6 7.Bf1 Bg4 8.d4 cxd4
9.cxd4 d5 10.e5 Ng8 11.Be3 e6 12.Nbd2 Nge7 13.Rc1 Nc8 14.h3 Bh5 15.a3 Nb6
16.b4 Be7 17.g4 Bg6 18.Nb3 h5 19.Rxc6 bxc6 20.Na5 hxg4 21.hxg4 Be4 22.Bf4 Qd7
23.Re3 f5 24.exf6 gxf6 25.Bg2 Bd6 26.Bg3 Bxg3 27.fxg3 Qd6 28.Qe1 Ra7 29.Nh4 Rg7
30.Bxe4 dxe4 31.Rxe4 Kf7 32.Nb7 Qd5 33.Nc5 Re8 34.Qf2 Nd7 35.Rf4 Nxc5 36.Rxf6+ Kg8
37.bxc5 Rxg4 38.Rg6+ Rxg6 39.Nxg6 Qf5 40.Ne5 Qb1+ 41.Qf1 Rb8 42.Nxc6 Rb3
43.Qxb1 Rxb1+ 44.Kg2 Kf8 45.g4 Ra1 46.g5 Rxa3 47.Nd8 Ke7 48.g6 Kf6 49.c6 Rc3
50.g7 Kxg7 51.Nxe6+ Kf6 52.Nc5 Ke7 53.c7 Rxc5 54.dxc5 Kd7 55.Kf3 Kxc7  1/2-1/2

[Event "4th Open"]
[Site "Vecindario ESP"]
[Date "2010.07.20"]
[Round "4"]
[White "Munoz Pantoja,M"]
[Black "Cabrera Trujillo,J"]
[Result "1-0"]
[WhiteElo "2494"]
[BlackElo "2365"]

1.e4 c5 2.Nf3 d6 3.Bb5+ Nd7 4.c4 a6 5.Ba4 Nf6 6.Nc3 e5 7.d3 Be7 8.O-O O-O
9.Ne1 Ne8 10.f4 exf4 11.Bxf4 Nc7 12.Nf3 Rb8 13.Bxd7 Bxd7 14.d4 Rc8 15.dxc5 dxc5
16.Nd5 Nxd5 17.cxd5 Bb5 18.Rf2 Qe8 19.e5 Bd8 20.Qc2 c4 21.Re1 Ba5 22.Bd2 Bb6
23.Be3 Ba5 24.Rc1 g6 25.Qe4 Qd7 26.Ng5 Rce8 27.e6 fxe6 28.Nxe6 Rxf2 29.Bxf2 Qf7
30.Qe5 h6 31.Bd4 Kh7 32.Rf1 Qg8 33.Qf6  1-0

[Event "Aegean Open"]
[Site "Agios Kirykos GRE"]
[Date "2010.07.21"]
[Round "9"]
[White "Kouvatsou,M"]
[Black "Tsagaropoulos,Spyri"]
[Result "0-1"]
[WhiteElo "2185"]
[BlackElo "2051"]

1.e4 c5 2.Nf3 d6 3.Bb5+ Bd7 4.Bxd7+ Qxd7 5.c4 Nf6 6.Nc3 g6 7.d4 cxd4 8.Nxd4 Bg7
9.O-O O-O 10.f3 Nc6 11.Be3 Rac8 12.b3 Rfd8 13.Qd2 e6 14.Rad1 d5 15.cxd5 exd5
16.Nxc6 bxc6 17.Bg5 Qd6 18.Rfe1 Re8 19.Kh1 h5 20.f4 Ng4 21.Na4 f6 22.Bh4 Bh6
23.g3 d4 24.Nb2 c5 25.h3 g5 26.Nc4 Qc6 27.hxg4 gxh4 28.Qe2 hxg3 29.gxh5 Bxf4
30.Qg4+ Bg5 31.Rd3 Qe6 32.Qxg3 Rcd8 33.Rf3 Kh8 34.Qc7 d3 35.e5 d2 36.Rd1 Qg4
37.Qb7 Rd3 38.Rxd3 Qxd1+ 39.Kg2 Qe2+  0-1

[Event "21st Czech Rapid Open"]
[Site "Pardubice CZE"]
[Date "2010.07.21"]
[Round "2"]
[White "Varitski,I"]
[Black "Shomoev,A"]
[Result "1-0"]
[WhiteElo "2302"]
[BlackElo "2561"]

1.e4 c5 2.Nf3 d6 3.Bb5+ Nd7 4.c3 a6 5.Ba4 c4 6.Bc2 Ngf6 7.O-O e6 8.Qe2 Qc7
9.b3 b5 10.bxc4 bxc4 11.a4 a5 12.Na3 Ba6 13.Nd4 Be7 14.Ndb5 Bxb5 15.Nxb5 Qc6
16.Ba3 O-O 17.f4 Rfc8 18.e5 Ne8 19.d4 cxd3 20.Qxd3 g6 21.exd6 Nc5 22.Qg3 Nxd6
23.f5 Nce4 24.Qf4 Bg5 25.Qe5 Bf6 26.Qf4 e5 27.Qf3 Qb6+ 28.Kh1 Nd2 29.Qd5 Nxb5
30.fxg6 hxg6 31.Bxg6 Ra7 32.axb5 Nxf1 33.Rxf1 Kg7 34.Bb1 Rxc3 35.Bb2 Qd4
36.Qxd4 exd4 37.Bxc3 dxc3 38.Be4 Re7 39.Bf5 Re5 40.Bd3 Rd5 41.Bc4 Rd4 42.Bb3 Rb4
43.Bc2 Rxb5 44.g3 Rb2 45.Bf5 Bg5 46.Ra1 c2 47.Bxc2 Rxc2 48.Rxa5 Bf6 49.Rb5 Kg6
50.Ra5 Bd4 51.Rb5 f6 52.Ra5 Be5 53.Rb5 Kf5 54.Rb4 Rd2 55.Ra4 Rd4 56.Ra2 Rb4
57.Kg2 Kg4 58.h3+ Kg5 59.Rf2 Rb3 60.Rf3 Rb2+ 61.Rf2 Rxf2+ 62.Kxf2 Kf5 63.Kf3 Bc7
64.h4 Bd6 65.g4+ Ke5 66.Ke3 Bb4 67.Kf3 Bc5 68.g5 f5 69.h5 Be7  1-0

[Event "21st Czech Rapid Open"]
[Site "Pardubice CZE"]
[Date "2010.07.21"]
[Round "3"]
[White "Hasangatin,R"]
[Black "Stocek,J"]
[Result "0-1"]
[WhiteElo "2498"]
[BlackElo "2587"]

1.e4 c5 2.Nf3 d6 3.Bb5+ Nd7 4.d4 cxd4 5.Qxd4 a6 6.Bxd7+ Bxd7 7.c4 e6 8.Nc3 Rc8
9.Bg5 f6 10.Be3 Ne7 11.Nd2 Nc6 12.Qb6 Qxb6 13.Bxb6 Ne5 14.b3 Nd3+ 15.Ke2 Nf4+
16.Kf3 g5 17.g3 Ng6 18.Ke2 h5 19.Bd4 Be7 20.a4 h4 21.Rad1 Kf7 22.f3 Rh7 23.Kf2 Rch8
24.g4 Rc8 25.Ra1 Rhh8 26.Rhd1 Rhf8 27.Nf1 Ke8 28.Ne3 Ne5 29.Ke2 Bd8 30.a5 Nc6
31.Bb6 Bxb6 32.axb6 Ke7 33.Nc2 Rfd8 34.Rd2 Be8 35.Rad1 Ne5 36.Nb4 a5 37.Nd3 a4
38.Nxe5 fxe5 39.Nxa4 Bxa4 40.bxa4 Rxc4 41.a5 Ra4 42.Rc1 Rd7 43.Rdc2 Rxa5
44.Rc7 Ra2+ 45.Kf1 Rxh2 46.Rxd7+ Kxd7 47.Rc7+ Kd8 48.Rxb7 Rb2 49.Rg7 Rxb6
50.Rxg5 Rb3 51.Kg2 Rb2+ 52.Kg1 Rb1+ 53.Kg2 Rb2+ 54.Kg1 Ke7 55.Rg6 d5 56.exd5 exd5
57.Rh6 d4 58.Kf1 d3 59.Ke1 Rh2 60.g5 Kf7 61.Rd6 h3 62.Rxd3 Ra2 63.Rd7+ Kg6
64.Rd8 h2  0-1

[Event "15th Open"]
[Site "Balaguer ESP"]
[Date "2010.07.22"]
[Round "4"]
[White "Pozo Vera,S"]
[Black "Gomez Garrido,C"]
[Result "1/2-1/2"]
[WhiteElo "2453"]
[BlackElo "2499"]

1.e4 c5 2.Nf3 d6 3.Bb5+ Bd7 4.Bxd7+ Qxd7 5.O-O Nf6 6.Re1 Nc6 7.c3 e6 8.d4 cxd4
9.cxd4 d5 10.e5 Ne4 11.Nbd2 Nxd2 12.Bxd2 Be7 13.Rc1 O-O 14.Rc3 Rac8 15.Rd3 Nb4
16.Bxb4 Bxb4 17.Rf1 Be7  1/2-1/2

[Event "6th WSCC U17"]
[Site "Kayseri TUR"]
[Date "2010.07.22"]
[Round "2"]
[White "Burneckas,Y"]
[Black "Atabayev,M"]
[Result "0-1"]
[WhiteElo "1948"]
[BlackElo "2323"]

1.e4 c5 2.Nf3 d6 3.Bb5+ Bd7 4.Bxd7+ Nxd7 5.O-O Ngf6 6.Re1 e6 7.c3 Be7 8.d4 O-O
9.Bg5 h6 10.Bh4 d5 11.e5 Ne4 12.Bxe7 Qxe7 13.Nbd2 Nxd2 14.Qxd2 b5 15.Rac1 a5
16.Re3 Nb6 17.Qe2 c4 18.g3 b4 19.Nh4 Rab8 20.f4 g6 21.Rf1 Kh7 22.Ref3 bxc3
23.bxc3 Nd7 24.Qf2 a4 25.g4 f5 26.exf6 Nxf6 27.f5 gxf5 28.gxf5 Ne4 29.Qe1 exf5
30.Nxf5 Qg5+ 31.Ng3 Rxf3 32.Rxf3 Qg6 33.Qf1 Rb7 34.Qg2 Rb1+ 35.Rf1 Nxc3 36.Qd2 Rxf1+
37.Kxf1 Qb1+ 38.Qe1 Qxe1+ 39.Kxe1 Nxa2 40.Kd2 Nb4  0-1

[Event "Andorra Open"]
[Site "La Massana AND"]
[Date "2010.07.22"]
[Round "6"]
[White "Paci,C"]
[Black "Alsina Leal,D"]
[Result "1/2-1/2"]
[WhiteElo "2361"]
[BlackElo "2546"]

1.e4 c5 2.Nf3 d6 3.Bb5+ Bd7 4.Bxd7+ Qxd7 5.O-O Nf6 6.Qe2 Nc6 7.Rd1 e6 8.d4 cxd4
9.Nxd4 Nxd4 10.Rxd4 Qc6 11.Nc3 Rc8 12.Bg5 Be7 13.Rad1 Qc5 14.Be3 O-O 15.Rxd6 Qb4
16.R6d3 Nxe4 17.Bd4 Nf6 18.Ne4 Nxe4 19.Qxe4 Rfd8 20.a3 Qb5 21.Bc3 h6 22.h3 Rxd3
23.Rxd3 Rd8 24.Qg4 Qg5 25.Qd1  1/2-1/2

[Event "3rd Open"]
[Site "Paleochora GRE"]
[Date "2010.07.22"]
[Round "2"]
[White "Svetushkin,D"]
[Black "Tzouganakis,P"]
[Result "1-0"]
[WhiteElo "2560"]
[BlackElo "2095"]

1.e4 c5 2.Nf3 d6 3.Bb5+ Bd7 4.Bxd7+ Qxd7 5.c4 Nf6 6.Nc3 g6 7.d4 cxd4 8.Nxd4 Bg7
9.h3 O-O 10.Be3 Nc6 11.O-O Rac8 12.b3 Rfd8 13.Qd2 e6 14.Rad1 d5 15.Nxc6 bxc6
16.e5 Ne8 17.f4 Qe7 18.cxd5 cxd5 19.Rc1 Qb4 20.Qd4 Bf8 21.Na4 a5 22.g4 Rc7
23.Qxb4 axb4 24.Rxc7 Nxc7 25.Bb6 Rd7 26.Rc1 Nb5 27.Rc8 Kg7 28.Nc5 Re7 29.Bd8 Nc3
30.Bxe7 Bxe7 31.Kf2 Bxc5+ 32.Kf3 d4 33.Rxc5 d3 34.Ke3 d2 35.Kxd2 Ne4+ 36.Kd3 Nxc5+
37.Kc4 g5 38.fxg5 Nd7 39.Kxb4 Nxe5 40.a4 f5 41.gxf6+ Kxf6 42.a5 Nd7 43.Kb5 Nb8
44.b4 e5 45.Kc4 e4 46.b5 Ke5 47.a6 Nd7 48.a7 Kf4 49.Kd4 Nb6 50.Kc5 e3 51.Kxb6 e2
52.a8=Q e1=Q 53.Qd5 Qe3+ 54.Kc7 Qa7+ 55.Kc8 Qa1 56.b6 Qc3+ 57.Kd7 Qg7+ 58.Ke8 Qh8+
59.Kf7 Qb8 60.b7 Qc7+ 61.Ke6  1-0

[Event "4th Open"]
[Site "Vecindario ESP"]
[Date "2010.07.22"]
[Round "6"]
[White "Munoz Pantoja,M"]
[Black "Vera Gonzalez Quevedo,R"]
[Result "1/2-1/2"]
[WhiteElo "2494"]
[BlackElo "2513"]

1.e4 c5 2.Nf3 d6 3.Bb5+ Nd7 4.O-O a6 5.Bxd7+ Bxd7 6.d4 cxd4 7.Qxd4 Rc8 8.c4 e5
9.Qd3 b5 10.Na3 bxc4 11.Nxc4 Bb5 12.Nfd2 f5 13.a4 Bc6 14.exf5 Nf6 15.b3 Be7
16.Ba3 Nd5 17.Ne4 O-O 18.Ncxd6 Bxd6 19.Nxd6 Nf4 20.Qc4+ Bd5 21.Qxc8 Ne2+
22.Kh1 Bxg2+ 23.Kxg2 Qg5+ 24.Kh1 Rxc8 25.Nxc8 Qh5 26.f3 Ng3+ 27.Kg2 Nxf1
28.Rxf1 Qg5+ 29.Kf2 Qd2+ 30.Kg3 Qg5+  1/2-1/2

[Event "Sparkassen Open A"]
[Site "Dortmund GER"]
[Date "2010.07.23"]
[Round "7"]
[White "Butschek,T"]
[Black "Mazarov,J"]
[Result "0-1"]
[WhiteElo "2040"]
[BlackElo "2167"]

1.e4 c5 2.Nf3 d6 3.Bb5+ Nc6 4.Bxc6+ bxc6 5.c4 e5 6.h3 f5 7.d3 Nf6 8.Nc3 Be7
9.Qa4 fxe4 10.dxe4 Bd7 11.Bg5 Nh5 12.Bxe7 Qxe7 13.O-O-O Nf4 14.g3 Ne6 15.Nh4 Nd4
16.Nf5 Bxf5 17.Rxd4 cxd4 18.Qxc6+ Kf7 19.Nd5 Qd7  0-1

[Event "Corporation Centre Cup"]
[Site "Izhevsk RUS"]
[Date "2010.07.23"]
[Round "9"]
[White "Gabaidulina,Olga"]
[Black "Poniaev,R"]
[Result "0-1"]
[WhiteElo "1885"]
[BlackElo "2277"]

1.e4 c5 2.Nf3 d6 3.Bb5+ Nd7 4.O-O a6 5.Bxd7+ Bxd7 6.h3 Nf6 7.Re1 g6 8.c3 Bc6
9.e5 dxe5 10.Nxe5 Bd5 11.d4 cxd4 12.Qxd4 Bg7 13.Be3 O-O 14.c4 Be6 15.Qxd8 Rfxd8
16.Nc3 Ne8 17.Bc5 Nd6 18.Bb6 Bxe5 19.Rxe5 Rd7 20.b3 Bxc4 21.Ne4 Nxe4 22.Rxe4 Bd5
23.Rd4 Rc8 24.Rad1 e6 25.a4 Rd6 26.a5 Rdc6 27.b4 Rc2 28.Bc5 Ra2 29.R1d2 Rxc5
30.bxc5 Rxa5 31.Rc2 Rb5 32.f3 Kf8 33.Kf2 Ke7 34.Ke3 Kd7 35.Rf4 Ke7 36.Rd4 a5
37.Rc3 Kd7 38.Ra4 Bb3 39.Ra3 a4 40.Kd4 Kc6 41.g4 e5+ 42.Kxe5 Rxc5+ 43.Rxc5+ Kxc5
44.Kf6 b5 45.Kg7 b4 46.Ra1 a3  0-1

[Event "21st Czech GM Open"]
[Site "Pardubice CZE"]
[Date "2010.07.23"]
[Round "1"]
[White "Jirasek,P"]
[Black "Durarbeyli,V"]
[Result "1/2-1/2"]
[WhiteElo "2267"]
[BlackElo "2501"]

1.e4 c5 2.Nf3 d6 3.Bb5+ Bd7 4.Bxd7+ Qxd7 5.c4 Nf6 6.Nc3 g6 7.d4 cxd4 8.Nxd4 Bg7
9.f3 O-O 10.O-O Rc8 11.b3 d5 12.exd5 Nxd5 13.Nxd5 e6 14.Bh6 exd5 15.Bxg7 Kxg7
16.Rc1 dxc4 17.Rxc4 Na6 18.Re1 Kg8 19.Nc2 Qxd1 20.Rxd1 Rxc4 21.bxc4 Rc8 22.Ne3 Nc5
23.Kf2 Rc6 24.Rd5 Kg7 25.Ke2 Ne6 26.Ra5 a6 27.Kd2 Rb6 28.Kc1 h5 29.Rd5 h4
30.Rd7 Rb4 31.Kc2 b5 32.Ra7 Ra4 33.cxb5 Rxa2+ 34.Kd1 Ra3 35.Kd2 Nf4 36.b6 Rd3+
37.Kc2 Rxe3 38.b7 Re2+ 39.Kb1 Nd5  1/2-1/2

[Event "21st Czech GM Open"]
[Site "Pardubice CZE"]
[Date "2010.07.23"]
[Round "1"]
[White "Varitski,I"]
[Black "Shomoev,A"]
[Result "1/2-1/2"]
[WhiteElo "2302"]
[BlackElo "2561"]

1.e4 c5 2.Nf3 d6 3.Bb5+ Bd7 4.Bxd7+ Qxd7 5.c4 Nf6 6.Nc3 Nc6 7.d4 cxd4 8.Nxd4 g6
9.f3 Bg7 10.Be3 O-O 11.O-O Rac8 12.b3 a6 13.a4 e6 14.Rc1 Ne5 15.Nde2 Qc7
16.Qd2 Nfd7 17.Rfd1 Nc5 18.Rb1 Rfd8 19.h3 b6 20.Kh1 Nb7 21.Bd4 Nc6 22.Bxg7 Kxg7
23.f4 Ne7 24.Qd4+ Kg8 25.Qf6  1/2-1/2

[Event "21st Czech GM Open"]
[Site "Pardubice CZE"]
[Date "2010.07.23"]
[Round "1"]
[White "Biolek,R1"]
[Black "Glantz,R"]
[Result "1/2-1/2"]
[WhiteElo "2407"]
[BlackElo "2207"]

1.e4 c5 2.Nf3 d6 3.Bb5+ Bd7 4.Bxd7+ Qxd7 5.O-O Nf6 6.Re1 Nc6 7.c3 e6 8.d4 cxd4
9.Nxd4 Be7 10.c4 O-O 11.Nc3 a6 12.a4 Rac8 13.b3 Rfd8 14.Bb2 Qc7 15.Rb1 Qb6
16.Nf3 Ng4 17.Qe2 Bf6 18.Ba1 Nge5 19.Kh1 Nb4 20.Nxe5 dxe5 21.Red1 Nc6 22.Rxd8+ Rxd8
23.Nd1 Qb4 24.Ne3 Bg5 25.Nf1 a5 26.g3 Qd6 27.h4 Bh6 28.Nh2 g6 29.Nf3 f6 30.Kg2 Kf7
31.Bc3 Qd3 32.Qe1 Rd7 33.Rb2 b6 34.Ng5+ Bxg5 35.hxg5 Nd4 36.Qe3 Qxe3 37.fxe3 Nc6
38.gxf6 Rd3 39.Bd2 Kxf6 40.Kf2 h5 41.Ke2 Rd7 42.c5 bxc5 43.Rc2 Ke7 44.Rxc5 Kd6
45.Rb5 Ra7 46.Bc3 g5 47.Kf3 g4+ 48.Kg2 Rf7 49.Bxa5 Nxa5 50.Rxa5 Rb7 51.Ra6+ Kd7
52.Ra5  1/2-1/2

[Event "XXXVI Open"]
[Site "Sitges ESP"]
[Date "2010.07.23"]
[Round "2"]
[White "Fernandez Fuentes,F"]
[Black "Abreu Delgado,A"]
[Result "0-1"]
[WhiteElo "2158"]
[BlackElo "2474"]

1.e4 c5 2.Nf3 d6 3.Bb5+ Nc6 4.Bxc6+ bxc6 5.e5 dxe5 6.Nxe5 Qd5 7.Nf3 Qe4+
8.Kf1 Nf6 9.d3 Qf5 10.Qe2 g6 11.Qe5 c4 12.Qc3 Ba6 13.Nbd2 Bg7 14.Nxc4 O-O
15.Qa5 Qc8 16.Be3 Nd5 17.Bd4 f6 18.h3 Rd8 19.Re1 Rb8 20.Bc5 Rb5 21.Qa3 Bf8
22.b4 Rb8 23.Ne3 Nf4 24.Kg1 Ne6 25.d4 Nxc5 26.bxc5 e5 27.c3 e4 28.Nd2 Bd3
29.Ng4 Bg7 30.Nxe4 Bxe4 31.Rxe4 Rb1+ 32.Kh2 Qb8+ 33.g3 Rxh1+ 34.Kxh1 Qb1+  0-1

[Event "21st Czech GM Open"]
[Site "Pardubice CZE"]
[Date "2010.07.24"]
[Round "2"]
[White "Congiu,M"]
[Black "Hedman,E"]
[Result "0-1"]
[WhiteElo "2199"]
[BlackElo "2391"]

1.e4 c5 2.Nf3 d6 3.Bb5+ Nd7 4.O-O Nf6 5.d4 cxd4 6.Qxd4 e5 7.Qd3 Be7 8.Bg5 O-O
9.Bxd7 Nxd7 10.Be3 Nf6 11.Nc3 Be6 12.Rfd1 h6 13.Qe2 Qc7 14.Ne1 Qc6 15.Qb5 a6
16.Qb6 Nd7 17.Qa5 b6 18.Qb4 f5 19.f3 Rf7 20.Nd5 Bxd5 21.exd5 Qc7 22.a4 Bg5
23.Bf2 e4 24.fxe4 fxe4 25.Qxe4 Re7 26.Qg6 Ne5 27.Qh5 Rf8 28.Ra3 Ref7 29.Nf3 Qxc2
30.Rf1 Qxb2  0-1

[Event "XIV Battle Of Senta"]
[Site "Senta SRB"]
[Date "2010.07.24"]
[Round "9"]
[White "Savic,Draga"]
[Black "Joo,J"]
[Result "1-0"]
[WhiteElo "2182"]
[BlackElo "2051"]

1.e4 c5 2.Nf3 d6 3.Bb5+ Bd7 4.Bxd7+ Qxd7 5.O-O Nc6 6.c3 Nf6 7.Re1 g6 8.d4 cxd4
9.cxd4 Bg7 10.Nc3 O-O 11.h3 Rfd8 12.Bg5 h6 13.Be3 d5 14.e5 Ne8 15.e6 Qxe6
16.Bxh6 Qd7 17.Bxg7 Nxg7 18.Qd2 Qf5 19.Re3 Qf4 20.g3 Qh6 21.h4 Nf5 22.Rd3 Qxd2
23.Rxd2 e6 24.Kg2 Kg7 25.Re1 Rac8 26.Ne2 Na5 27.Nf4 Rc4 28.g4 Nd6 29.Ne5 Rcc8
30.Nexg6 Nac4 31.Rde2 Rh8 32.b3 fxg6 33.bxc4 Nxc4 34.Rxe6 Rxh4 35.Rxg6+ Kf7
36.Ree6 Rch8 37.Kg3 Nd2 38.Rgf6+ Kg7 39.Nh5+ R4xh5 40.Rg6+ Kf7 41.gxh5 Rxh5
42.f3 Rh1 43.Rgf6+ Kg7 44.Rf5 Ra1 45.Rxd5 Kf7 46.Rh6 Kg7 47.Rh4 Rxa2 48.Rd7+ Kg6
49.Kg4 b5 50.f4  1-0

[Event "TCh-CHN"]
[Site "Shanghai CHN"]
[Date "2010.07.24"]
[Round "7"]
[White "Zhang Jilin"]
[Black "Huang Qian"]
[Result "1/2-1/2"]
[WhiteElo "2281"]
[BlackElo "2439"]

1.e4 c5 2.Nf3 d6 3.Bb5+ Nc6 4.O-O Bd7 5.c3 Nf6 6.Re1 a6 7.Bxc6 Bxc6 8.d4 Bxe4
9.Bg5 d5 10.c4 e6 11.Nc3 Be7 12.dxc5 O-O 13.cxd5 exd5 14.Nxe4 dxe4 15.Nd2 Bxc5
16.Bxf6 Qxf6 17.Nxe4 Qb6 18.Nxc5 Qxc5 19.Qb3 b5 20.Rac1 Qb6 21.g3 h6 22.Rcd1 Rad8
23.a4 Qc5 24.axb5 axb5 25.Qc3 Qf5 26.Qb3 Qc5 27.Qc3 Qf5 28.b4 Rxd1 29.Rxd1 Rc8
30.Qe3 Rc4 31.Rd4 Kh7 32.Qd2 Qb1+ 33.Kg2 Rc1 34.Qf4 Rg1+ 35.Kf3 Qg6 36.Rd5 Rb1
37.Qf5 Rxb4 38.Rxb5 Qxf5+  1/2-1/2

[Event "Tch-POR 1st Div Final"]
[Site "Vila Nova de Gaia POR"]
[Date "2010.07.24"]
[Round "1.1"]
[White "Cruz,Jor"]
[Black "Luch,M"]
[Result "0-1"]
[WhiteElo "2114"]
[BlackElo "2387"]

1.e4 c5 2.Nf3 d6 3.Bb5+ Nd7 4.d4 Nf6 5.Nc3 cxd4 6.Qxd4 e5 7.Qd3 h6 8.O-O a6
9.Bxd7+ Bxd7 10.a4 Rc8 11.h3 Qc7 12.Be3 Be7 13.Rfd1 O-O 14.a5 Be6 15.Nd2 Qc6
16.f3 Rfd8 17.Qe2 d5 18.Bb6 Bc5+ 19.Kh2 Bxb6 20.exd5 Nxd5 21.Nxd5 Rxd5 22.c4 Rxa5  0-1

[Event "3rd Open"]
[Site "Paleochora GRE"]
[Date "2010.07.25"]
[Round "5"]
[White "Orlov,And"]
[Black "Borovikov,V"]
[Result "1/2-1/2"]
[WhiteElo "2502"]
[BlackElo "2601"]

1.e4 c5 2.Nf3 d6 3.Bb5+ Bd7 4.Bxd7+ Qxd7 5.O-O Nf6 6.e5 dxe5 7.Nxe5 Qc8 8.Qe2 e6
9.b3 Be7 10.Bb2 O-O 11.Nc3 Nc6 12.Nxc6  1/2-1/2

[Event "Open ch-BUL w"]
[Site "Vratsa BUL"]
[Date "2010.07.25"]
[Round "1"]
[White "Genova,Ly"]
[Black "Ivanova,Si"]
[Result "1/2-1/2"]
[WhiteElo "2260"]
[BlackElo "1827"]

1.e4 c5 2.Nf3 d6 3.Bb5+ Bd7 4.Bxd7+ Qxd7 5.c4 Nf6 6.Nc3 Nc6 7.O-O e6 8.d4 cxd4
9.Nxd4 Be7 10.Nc2 O-O 11.Ne3 Rac8 12.b3 Rfd8 13.Bb2 a6 14.a4 Qc7 15.Re1 Nd7
16.Rb1 Nc5 17.Ba1 Ne5 18.f4 Ned3 19.Rf1 Nb4 20.Qg4 Bf8 21.Rf3 f6 22.Rh3 Qf7
23.Qh4 h6 24.Rg3 Kh7 25.f5 Re8 26.Qh3 Rc7 27.fxe6 Qxe6 28.Qxe6 Rxe6 29.Ncd5 Nxd5
30.exd5 Re4 31.Nf5 Rc8 32.Re3 Rce8 33.Rxe4 Rxe4 34.Nd4 Kg6 35.Kf2 Be7 36.Kf3 f5
37.Ne2 Bg5 38.Bd4 Nd3 39.Rd1 Ne5+ 40.Bxe5 Rxe5 41.Rd3 Bd8 42.Nf4+ Kf6 43.Ne6 Ba5
44.c5 Bb4 45.Nd8 Bxc5 46.Nxb7 Bb4 47.Nd8 g5 48.h3 h5 49.Nc6 g4+ 50.Kf2 Be1+
51.Kf1 Re4 52.Nb8 a5 53.Nd7+ Ke7 54.Nb6 f4 55.hxg4 hxg4 56.Nc4 Bg3 57.Rd1 f3
58.gxf3 gxf3 59.Nb2 Re2 60.Nd3 Rh2 61.Kg1 f2+ 62.Nxf2 Rxf2 63.Rd3 Bh4 64.Rd4 Bg3
65.Rd3 Bh4 66.Rd4 Bg3  1/2-1/2

[Event "Najdorf Mem Open A"]
[Site "Warsaw POL"]
[Date "2010.07.25"]
[Round "9"]
[White "Erzhanov,A"]
[Black "Nowicki,B"]
[Result "1-0"]
[WhiteElo "2363"]
[BlackElo "2067"]

1.e4 c5 2.Nf3 d6 3.Bb5+ Nc6 4.O-O Bg4 5.h3 Bh5 6.c3 Nf6 7.Re1 a6 8.Bxc6+ bxc6
9.d4 cxd4 10.cxd4 e6 11.Qc2 Qd7 12.Nbd2 Be7 13.b3 O-O 14.Ba3 Bg6 15.Rac1 Rfc8
16.Re3 Nd5 17.Ree1 a5 18.Nc4 Qc7 19.Qd2 Nb4 20.Nxa5 Qxa5 21.Bxb4 Qxa2 22.Qxa2 Rxa2
23.e5 c5 24.exd6 Bxd6 25.dxc5 Be7 26.Re3 h6 27.g3 Kh7 28.Ne5 Rb8 29.Nc6 Rb7
30.Nxe7 Rxe7 31.c6 Rc7 32.Bd6 Rc8 33.b4 Rc2 34.Rc3 Rxc1+ 35.Rxc1 Bd3 36.Rc5 Be4
37.c7 Kg6 38.Rb5 Ra8 39.f3  1-0

[Event "ch-CRC"]
[Site "San Jose CRC"]
[Date "2010.07.26"]
[Round "1"]
[White "Munoz,Ca"]
[Black "Duran Vega,A"]
[Result "0-1"]
[WhiteElo "2033"]
[BlackElo "1993"]

1.e4 c5 2.Nf3 d6 3.Bb5+ Bd7 4.Bxd7+ Qxd7 5.O-O Nf6 6.e5 Nd5 7.d4 e6 8.c4 Nc7
9.Re1 d5 10.cxd5 Nxd5 11.Nc3 Nc6 12.Bg5 h6 13.Bh4 Nxc3 14.bxc3 cxd4 15.Nxd4 Nxd4
16.cxd4 Bb4 17.Re3 g5 18.Bg3 Rd8 19.Rd3 Bc5 20.Qg4 Be7 21.h4 Qd5 22.h5 b5
23.Qd1 O-O 24.f4 a5 25.Qd2 Qe4 26.Re1 Qf5 27.Rf1 g4 28.Qe2 Kh7 29.Be1 b4
30.Bd2 Rg8 31.g3 Rd5 32.Rc1 Rgd8 33.Be3 Qe4 34.Qd2 a4 35.Rd1 Bc5 36.Qg2 Qf5
37.Qb2 b3 38.axb3 a3 39.Qb1 Kg7 40.b4 Bxd4 41.Bxd4 Rxd4 42.Rxd4 Rxd4 43.Rf1 Rd3
44.Qe1 a2 45.Kg2 Rb3 46.Qa1 Qe4+ 47.Kh2 Qe2+  0-1

[Event "Brunei Inv IM"]
[Site "Bandar Seri Begawan BRU"]
[Date "2010.07.27"]
[Round "3"]
[White "Barbosa,O PHI"]
[Black "Duong The Anh"]
[Result "1/2-1/2"]
[WhiteElo "2433"]
[BlackElo "2415"]

1.e4 c5 2.Nf3 d6 3.Bb5+ Bd7 4.Bxd7+ Qxd7 5.c4 Nf6 6.Nc3 g6 7.O-O Bg7 8.d4 cxd4
9.Nxd4 O-O 10.h3 Rc8  1/2-1/2